Posúdenie konkurencieschopnosti slovenskej ekonomiky pri prenikaní na zahraničné trhy diplomová práca

Enregistré dans:
Détails bibliographiques
Auteur principal: Bujdáková, Martina
Collectivité auteur: Obchodná fakulta EU. Katedra medzinárodného obchodu
Autres auteurs: Ružeková, Viera, 1957-
Format: Livre
Langue:slovaque
Publié: Bratislava 2015
Tags: Ajouter un tag
Pas de tags, Soyez le premier à ajouter un tag!

MARC

LEADER 00000nbm a2200000 4500
001 0206500
005 20161212104707.1
041 0 |a slo 
044 |a SK 
245 1 0 |a Posúdenie konkurencieschopnosti slovenskej ekonomiky pri prenikaní na zahraničné trhy  |b diplomová práca  |c Martina Bujdáková ; školiteľ: Viera Ružeková 
264 1 |a Bratislava  |c 2015 
300 |a 80 s. 
100 1 |a Bujdáková, Martina 
700 1 |a Ružeková, Viera, 1957- 
710 2 |a Obchodná fakulta EU. Katedra medzinárodného obchodu